Los antibióticos y sus aplicaciones agropecuarias / (Record no. 42670)

MARC details
000 -LEADER
campo de control de longitud fija 00571nam a2200181 i 4500
001 - NÚMERO DE CONTROL
campo de control 42670
003 - IDENTIFICADOR DE NÚMERO DE CONTROL
campo de control ES-MaACL
007 - CAMPO FIJO DE DESCRIPCIÓN FÍSICA--INFORMACIÓN GENERAL
campo de control de longitud fija t|
008 - DATOS DE LONGITUD FIJA--INFORMACIÓN GENERAL
campo de control de longitud fija 030313s1957 sp ||||1| spa d
100 1# - ENTRADA PRINCIPAL--NOMBRE DE PERSONA
Nombre de persona Cercos, Augusto P.
9 (RLIN) 37447
245 14 - MENCIÓN DEL TÍTULO
Título Los antibióticos y sus aplicaciones agropecuarias /
Mención de responsabilidad, etc. Augusto P. Cercos.
260 ## - PUBLICACIÓN, DISTRIBUCIÓN, ETC.
Lugar de publicación, distribución, etc. Barcelona, etc. :
Nombre del editor, distribuidor, etc. Salvat,
Fecha de publicación, distribución, etc. 1957 (
Fabricante Imprenta Hispano-Americana)
300 ## - DESCRIPCIÓN FÍSICA
Extensión XII, 475 p. :
Otras características físicas il. ;
Dimensiones 22 cm.
490 1# - MENCIÓN DE SERIE
Mención de serie Agrícola Salvat
830 0# - PUNTO DE ACCESO ADICIONAL DE SERIE-TÍTULO UNIFORME
Título uniforme Agrícola Salvat
9 (RLIN) 181573
852 ## - LOCALIZACIÓN
Ubicación ES-MaACL
Número de control de estantería C-8901
Sublocalización o colección R.41531
Holdings
Estatus retirado Estado de pérdida Estado de daño No para préstamo Biblioteca de origen Biblioteca actual Ubicación en estantería Fecha de adquisición Fuente de adquisición Total de préstamos Signatura topográfica completa Código de barras Visto por última vez Precio de reemplazo Tipo de ítem Koha
        Biblioteca del Ateneo de Madrid Biblioteca del Ateneo de Madrid Sala Palomar 17/01/2008     C-8901 1044918 23/02/2023 23/02/2023 Libro impreso